LEADER 01092nam a2200265 u 4500 001 000000113394 003 CaOOAMICUS 005 20081007154123.0 008 081007s2008 it d u000 u ita r 020 $z978-88-348-8517-8* 040 $aPUL$bita$dLDB 100 1 $aGalantino, Luisa.$0(OLS)http://pul/name/50291 245 10$aDiritto del lavoro :$beditio minor /$cLuisa Galantino. 250 $a6. ed. aggiornata al 30 maggio 2008. 260 $aTorino :$bGiappichelli,$c2008. 300 $axiv, 343 p. :$bgraf. ;$c24 cm 504 $aInclude riferimenti bibliografici. 650 4$aDiritto del lavoro.$0(OLS)http://pul/subject/1096 850 $aPUL 852 $aPUL$W1$xDP2 Diritto e Scienze Sociali 3$y110$m344. 45 GALLU 1$j129589$qDDC 21$B128636$CPULBib$Z2$F128636 $H108194 $82 941 1 $a9 960 $aLavoro (Diritto)$91096 996 $6020$z978-88-348-8517-8*$9(OLS)http://pul/number/138802 996 $6245$aDiritto del lavoro :$beditio minor$9(OLS)http://pul/title/142483 996 $6260$aTorino :$bGiappichelli$9(OLS)http://pul/publisher/48244 LEADER 01620nam a2200349 a 4500 001 000000133446 003 CaOOAMICUS 005 20130409140426.0 008 130409s2012 it u000 u ita r 020 $a978-88-13-32295-3 040 $aPUL$bita 082 04$a345.4505 100 1 $aConso, Giovanni.$0(OLS)http://pul/name/15769 245 10$aCommentario breve al codice di procedura penale :$bcomplemento giurisprudenziale, appendice di aggiornamento 2012 /$cGiovanni Conso, Vittorio Grevi ; a cura di Livia Giuliani . 250 $a7. ed. 260 $aPadova :$bCEDAM,$c2012. 300 $aXXIII, 406 p. ;$c24 cm 490 1 $aBreviaria Iuris ;$v6 500 $aTesto su due colonne. 630 04$aCodice di procedura penale$zItalia.$0(OLS)http://pul/subject/20312 650 4$aProcedura penale$zItalia.$0(OLS)http://pul/subject/12686 700 1 $aGrevi, Vittorio.$0(OLS)http://pul/name/15770 700 1 $aGiuliani, Livia,$d1966-$0(OLS)http://pul/name/84262 830 0$aBreviaria Iuris ;$v6.$0(OLS)http://pul/title/8521 850 $aPUL 852 $aPUL$W1$xDP2 Diritto e Scienze Sociali 3$y110$m348. 45 COD 1.1.14.2$j153371$qDDC 21$B152931$CPULBib$Z2$F152931 $H121795 $82 941 1 $a9 996 $6020$a978-88-13-32295-3$9(OLS)http://pul/number/152332 996 $6082$a345.4505$9(OLS)http://pul/classification/385 996 $6245$aCommentario breve al codice di procedura penale :$bcomplemento giurisprudenziale, appendice di aggiornamento 2012$9(OLS)http://pul/title/168638 996 $6260$aPadova :$bCEDAM$9(OLS)http://pul/publisher/48126